Statistics for U.S. States by Partial Flag Images #1

Click here to take the quiz!

General Stats

  • This quiz has been taken 1,876 times
    (1,865 since last reset)
  • The average score is 6 of 10

Answer Stats

HintAnswer% Correct
HTML tutorial California
97%
HTML tutorial Arizona
79%
HTML tutorial Hawaii
71%
HTML tutorialMississippi
64%
HTML tutorial Oklahoma
59%
HTML tutorial Montana
57%
HTML tutorial Michigan
49%
HTML tutorial Connecticut
46%
HTML tutorial Pennsylvania
46%
HTML tutorial New Hampshire
44%

Score Distribution

Percentile by Number Answered

Percent of People with Each Score

Your Score History

You have not taken this quiz since the last reset